LEADER 00942nam a2200253 i 4500 001 000000177289 003 CaOOAMICUS 005 20090210000000.0 008 090210s1980 it u000 u ita u 013 $a154802 040 $aSeMil$bita 100 1 $aQuilici, Folco,$d<1930-2018>.$0(OLS)http://semarc/name/90126 245 10$aMediterraneo /$cFolco Quilici. 260 $aMilano :$bRusconi,$ccopyr. 1980. 300 $a232 p. :$b140 foto dell'Autore ;$c25 cm. 500 $aFondo Card. Giovanni Colombo. 650 4$aScienze.$0(OLS)http://semarc/subject/179 650 4$aMediterraneo - Fotografie.$0(OLS)http://semarc/subject/33807 850 $aSeMil 852 $aSeMil$W1$xVenegono$y1$m3X V 27$j128100$B128100$CSeMilBibl$Z2$F142858 $81 941 1 $a3 961 $aLascito: Colombo Card. Giovanni 996 $6245$aMediterraneo$9(OLS)http://semarc/title/254620 996 $6260$aMilano :$bRusconi$9(OLS)http://semarc/publisher/30258 LEADER 01096nam a2200253 i 4500 001 000000209769 003 CaOOAMICUS 005 20120102000000.0 008 120102s1911 it u000 u ita u 013 $a188560 020 $a978-88-514-0924-1 040 $aSeMil$bita 100 1 $aFrancipane, Michele.$0(OLS)http://semarc/name/75192 245 10$aDizionario ragionato dei santi :$b11.811 santi, beati, patroni e protettori da Aaron a Zoe /$cMichele Francipane. 260 $aMilano :$bÀncora,$c1911. 300 $a1001 p. ;$c21 cm. 500 $aContiene : Bibliografia. 650 4$aSanti - Enciclopedie e dizionari.$0(OLS)http://semarc/subject/813 850 $aSeMil 852 $aSeMil$W1$xVenegono$y1$mSL1.S IV 34$j160220$B160220$CSeMilBibl$Z2$F175944 $8I 961 $aOmaggio: Braccini Annamaria 996 $6020$a978-88-514-0924-1$9(OLS)http://semarc/number/204542 996 $6245$aDizionario ragionato dei santi :$b11.811 santi, beati, patroni e protettori da Aaron a Zoe$9(OLS)http://semarc/title/303221 996 $6260$aMilano :$bÀncora$9(OLS)http://semarc/publisher/29763